Nový pohľad na výkonnosť podniku

Problém merania výkonnosti podniku. Cieľom firmy je maximalizácia zisku - nejde o účtovný zisk, ale o zisk ekonomický. Z takého chápania zisku vznikol ukazovateľ EVA - Economic Value Added (ekonomická pridaná hodnota). Využiteľnosť kritéria EVA. Problémy spojené s aplikáciou EVA.

Guardado en:
Detalles Bibliográficos
Autor principal: Kislingerová, Eva
Otros Autores: Synek, Miloslav
Formato: Capítulo de libro
Lenguaje:eslovaco
Materias:
Etiquetas: Agregar Etiqueta
Sin Etiquetas, Sea el primero en etiquetar este registro!

MARC

LEADER 00000naa a2200000 4500
001 r033504
005 20221130065424.9
041 0 |a slo 
044 |a SK 
245 1 0 |a Nový pohľad na výkonnosť podniku  |c Eva Kislingerová, Miloslav Synek 
520 |a Problém merania výkonnosti podniku. Cieľom firmy je maximalizácia zisku - nejde o účtovný zisk, ale o zisk ekonomický. Z takého chápania zisku vznikol ukazovateľ EVA - Economic Value Added (ekonomická pridaná hodnota). Využiteľnosť kritéria EVA. Problémy spojené s aplikáciou EVA. 
610 2 0 |a podnik 
610 2 0 |a ukazovateľ EVA 
610 2 0 |a výkonnosť 
610 2 0 |a zisk podnikový 
610 2 0 |a zisk ekonomický 
610 2 0 |a hodnota pridaná ekonomická 
100 1 |a Kislingerová, Eva 
700 1 |a Synek, Miloslav